[Event "BI-2015-F-0000"]
[Site "LSS email"]
[Date "2015.02.12"]
[Round "?"]
[White "Permykov, Andrey"]
[Black "Harney, Thomas"]
[Result "1/2-1/2"]
[WhiteElo "2169"]
[BlackElo "2293"]
[PlyCount "97"]
[EventDate "2015.02.11"]
[EventType "tourn (corr)"]
[EventRounds "10"]
[EventCountry "GER"]
[SourceTitle "Corr 2022"]
[Source "ChessBase"]
[SourceDate "2021.10.24"]
[SourceVersion "1"]
[SourceVersionDate "2021.10.24"]
[SourceQuality "1"]

1. e4 e6 2. d4 d5 3. Nc3 Nf6 4. Bg5 Be7 5. e5 Nfd7 6. h4 h6 7. Be3 c5 8. Qg4 Kf8 9. 0-0-0 cxd4 10. Bxd4 Nc6 11. Nf3 a6 12. Kb1 Qc7 13. Bd3 Kg8 14. Rh3 h5 15. Qf4 Nf6 16. Nh2 Nd7 17. Nf3 f6 18. Bg6 Ndxe5 19. Nxe5 Nxe5 20. Bxe5 Qxe5 21. Qa4 b5 22. Qb3 Qd6 23. Rhd3 f5 24. Re3 Kf8 25. Nxd5 Rh6 26. Nc3 Qc6 27. Bxf5 exf5 28. Rxe7 Kxe7 29. Qg8 Rd6 30. Nd5+ Rxd5 31. Rxd5 Bd7 32. Qxg7+ Kd8 33. Rd3 Qe6 34. b3 Rc8 35. Qh8+ Kc7 36. Qd4 Ra8 37. Re3 Qb6 38. Rc3+ Bc6 39. Qg7+ Kb8 40. a4 Qc7 41. Qg6 Kb7 42. Qxh5 f4 43. Qc5 Rd8 44. h5 Qb6 45. Qe7+ Rd7 46. Qf6 Be4 47. Qxf4 Qd4 48. Qe3 Qxe3 49. Rxe3 1/2-1/2

[Event "BI-2015-F-0000"]
[Site "LSS email"]
[Date "2015.02.12"]
[Round "?"]
[White "Szabo, Vilmos"]
[Black "Harney, Thomas"]
[Result "1-0"]
[WhiteElo "2438"]
[BlackElo "2293"]
[PlyCount "137"]
[EventDate "2015.02.11"]
[EventType "tourn (corr)"]
[EventRounds "10"]
[EventCountry "GER"]
[SourceTitle "Corr 2022"]
[Source "ChessBase"]
[SourceDate "2021.10.24"]
[SourceVersion "1"]
[SourceVersionDate "2021.10.24"]
[SourceQuality "1"]

1. d4 Nf6 2. c4 e6 3. Nf3 Bb4+ 4. Nbd2 b6 5. a3 Bxd2+ 6. Bxd2 Bb7 7. Qc2 Be4 8. Qc1 0-0 9. e3 a5 10. b4 Qe7 11. Be2 d6 12. 0-0 Nbd7 13. Bc3 Bg6 14. Nd2 e5 15. Re1 Rfe8 16. bxa5 bxa5 17. a4 h6 18. h3 Reb8 19. Bf3 Ra6 20. Ra3 Qe8 21. c5 Bh5 22. c6 Nb6 23. g4 Bg6 24. Be2 Raa8 25. dxe5 dxe5 26. Nf3 e4 27. Ne5 Nfd5 28. Rd1 Qe6 29. Nxg6 Qxg6 30. Be5 Rc8 31. Bg3 Nb4 32. Bb5 h5 33. gxh5 Qxh5 34. Kh2 Rd8 35. Ra1 Qf5 36. Qb2 Nd3 37. Bxd3 Rxd3 38. Rg1 Nc4 39. Qb5 Qxb5 40. axb5 Nd6 41. Rab1 Kf8 42. b6 cxb6 43. Rxb6 Rc8 44. c7 Ke7 45. Bh4+ Kd7 46. Rxg7 Rxc7 47. Ra6 Rd5 48. Bg3 Rc6 49. Ra7+ Ke6 50. h4 Rf5 51. Kh3 Nc8 52. Ra8 Nb6 53. Ra6 Kf6 54. Rg8 Rfc5 55. Rh8 Kg6 56. Re8 Nc4 57. Ra7 a4 58. Rxe4 a3 59. Rg4+ Kf6 60. e4 Rc8 61. Rf4+ Ke5 62. Rd7 f6 63. Rg4+ Ke6 64. Rgg7 Re8 65. f4 Nd6 66. f5+ Nxf5 67. exf5+ Kxf5 68. Ra7 Rc3 69. Ra5+ 1-0

[Event "WC-2015-P-00020"]
[Site "LSS email"]
[Date "2015.01.19"]
[Round "?"]
[White "Harney, Thomas"]
[Black "Chmela, Zdenek"]
[Result "1-0"]
[WhiteElo "2280"]
[BlackElo "2030"]
[PlyCount "117"]
[EventDate "2015.01.25"]
[EventType "tourn (corr)"]
[EventRounds "12"]
[EventCountry "GER"]
[SourceTitle "Corr 2022"]
[Source "ChessBase"]
[SourceDate "2021.10.24"]
[SourceVersion "1"]
[SourceVersionDate "2021.10.24"]
[SourceQuality "1"]

1. e4 e5 2. Nf3 Nc6 3. Bb5 Nf6 4. 0-0 d6 5. d4 Bd7 6. d5 Ne7 7. Bxd7+ Qxd7 8. Re1 Ng6 9. a4 Be7 10. a5 Rc8 11. h3 h6 12. c4 0-0 13. Nc3 c6 14. Be3 a6 15. Qa4 Rfe8 16. Red1 Bd8 17. dxc6 Qxc6 18. Qxc6 Rxc6 19. b3 Re6 20. Nd2 Rc8 21. Nd5 Ne7 22. Nxe7+ Bxe7 23. f3 Nd7 24. Nb1 Nc5 25. Ra3 g6 26. Nc3 f5 27. Kh2 Kg7 28. g4 fxg4 29. hxg4 Nd7 30. Nd5 Bd8 31. Ra2 Nf6 32. g5 hxg5 33. Nxf6 Bxf6 34. Kg3 Rf8 35. Kg4 Rf7 36. b4 Rc7 37. Rc2 Kg8 38. Bxg5 Bg7 39. Rd5 Bf8 40. c5 dxc5 41. bxc5 Rec6 42. Be3 Bg7 43. Rb2 Bf6 44. Rb6 Kf7 45. Bg5 Bxg5 46. Kxg5 Rxc5 47. Rxc5 Rxc5 48. Rxb7+ Ke8 49. Kxg6 Rxa5 50. Kf6 Kd8 51. Ke6 Kc8 52. Ra7 Kb8 53. Rf7 Rb5 54. Rf5 Rb6+ 55. Kxe5 a5 56. Kd4 Ra6 57. Kc5 Kc7 58. Rf7+ Kd8 59. Kb5 1-0

[Event "WC-2015-P-00020"]
[Site "LSS email"]
[Date "2015.01.19"]
[Round "?"]
[White "Harney, Thomas"]
[Black "Cole, Steve"]
[Result "1-0"]
[WhiteElo "2280"]
[BlackElo "1459"]
[PlyCount "77"]
[EventDate "2015.01.25"]
[EventType "tourn (corr)"]
[EventRounds "12"]
[EventCountry "GER"]
[SourceTitle "Corr 2022"]
[Source "ChessBase"]
[SourceDate "2021.10.24"]
[SourceVersion "1"]
[SourceVersionDate "2021.10.24"]
[SourceQuality "1"]

1. d4 Nf6 2. c4 e6 3. Nf3 d5 4. Nc3 Be7 5. Bf4 0-0 6. e3 c5 7. dxc5 Bxc5 8. a3 Nc6 9. Qc2 Qa5 10. Rd1 Be7 11. Be2 Ne4 12. cxd5 Nxc3 13. bxc3 exd5 14. 0-0 Be6 15. a4 Bf6 16. Rb1 Rfc8 17. Rxb7 Qxc3 18. Qxc3 Bxc3 19. Ng5 Nd8 20. Re7 Nc6 21. Rxe6 fxe6 22. Nxe6 Be5 23. Ba6 Bxf4 24. Bxc8 Bxh2+ 25. Kxh2 Rxc8 26. Rc1 Ne7 27. Rb1 Kf7 28. Nd4 Rc7 29. a5 Nc8 30. Rb5 Rd7 31. g4 Kf6 32. f4 h6 33. Kg2 Ne7 34. Rb8 Kf7 35. Kf3 g6 36. Ra8 h5 37. gxh5 gxh5 38. f5 Kf6 39. Kf4 1-0